Starting and managing the small business (Record no. 76744)
[ view plain ]
| 000 -LEADER | |
|---|---|
| fixed length control field | 00873nam a2200181 a 4500 |
| 008 - FIXED-LENGTH DATA ELEMENTS--GENERAL INFORMATION | |
| fixed length control field | 120416s1983 ||||||||||||||||| || u |
| 050 ## - LIBRARY OF CONGRESS CALL NUMBER | |
| Classification number | HD 62.5 Kur |
| 100 ## - MAIN ENTRY--PERSONAL NAME | |
| Personal name | Kuriloff, Arthur H |
| 245 10 - TITLE STATEMENT | |
| Title | Starting and managing the small business |
| 260 ## - PUBLICATION, DISTRIBUTION, ETC. | |
| Place of publication, distribution, etc. | New York |
| Name of publisher, distributor, etc. | McGraw-Hill |
| Date of publication, distribution, etc. | [1983] |
| 300 ## - PHYSICAL DESCRIPTION | |
| Extent | xv, 592p. : ill. |
| 350 ## - | |
| -- | 0.00 |
| 650 ## - SUBJECT ADDED ENTRY--TOPICAL TERM | |
| Topical term or geographic name entry element | SMALL BUSINESS--MANAGEMENT |
| 650 #0 - SUBJECT ADDED ENTRY--TOPICAL TERM | |
| Topical term or geographic name entry element | BUSINESS |
| 995 ## - | |
| -- | MAIN LIBRARY OPEN ACCESS |
| -- | 0.00 |
| -- | 707209 |
| -- | CBU-MAIN LIBRARY (Kitwe) |
| -- | 2 |
| -- | 0.00 |
| -- | HD 62.5 Kur |
| -- | 2 |
| -- | AVAILABLE |
| -- | 007131 |
| -- | Main Library Open Access Collection |
| 995 ## - | |
| -- | MAIN LIBRARY OPEN ACCESS |
| -- | 0.00 |
| -- | 707210 |
| -- | CBU-MAIN LIBRARY (Kitwe) |
| -- | 1 |
| -- | 0.00 |
| -- | HD 62.5 Kur |
| -- | 3 |
| -- | AVAILABLE |
| -- | 018716 |
| -- | Main Library Open Access Collection |
| 995 ## - | |
| -- | BINDERY (DAMAGED) |
| -- | 0.00 |
| -- | 707211 |
| -- | CBU-MAIN LIBRARY (Kitwe) |
| -- | 3 |
| -- | 0.00 |
| -- | HD 62.5 Kur |
| -- | 1 |
| -- | DAMAGED |
| -- | 003899 |
| -- | Main Library Open Access Collection |
| 999 ## - | |
| -- | 76744 |
| -- | 76744 |
| Withdrawn status | Lost status | Source of classification or shelving scheme | Damaged status | Not for loan | Permanent Location | Current Location | Shelving location | Date acquired | Total Checkouts | Full call number | Barcode | Date last seen | Copy number | Price effective from | Koha item type |
|---|---|---|---|---|---|---|---|---|---|---|---|---|---|---|---|
| CBU-MAIN LIBRARY, KITWE. | CBU-MAIN LIBRARY, KITWE. | 04/25/2023 | HD 62.5 Kur | 007131 | 04/25/2023 | 1 | 04/25/2023 | MONOGRAPH | |||||||
| CBU-MAIN LIBRARY, KITWE. | CBU-MAIN LIBRARY, KITWE. | 04/25/2023 | HD 62.5 Kur | 018716 | 04/25/2023 | 2 | 04/25/2023 | MONOGRAPH | |||||||
| CBU-MAIN LIBRARY, KITWE. | CBU-MAIN LIBRARY, KITWE. | 04/25/2023 | HD 62.5 Kur | 003899 | 04/25/2023 | 3 | 04/25/2023 | MONOGRAPH |